[Event "13. Lichtenberger Sommer"]
[Site "?"]
[Date "2014.08.21"]
[Round "6.81"]
[White "Dietzel, Uwe"]
[Black "Herrmann, Eberhard"]
[Result "1/2-1/2"]
[WhiteElo "1705"]
[BlackElo "1852"]
[PlyCount "179"]
[EventDate "2014.??.??"]
[WhiteTeam "TSV Lichtentanne SAbt"]
[BlackTeam "SC Friesen Lichtenberg e.V."]

1. Nf3 d5 2. b3 Nf6 3. Bb2 c5 4. e3 Nc6 5. Bb5 Bg4 6. Bxc6+ bxc6 7. d3 e6 8.
Nbd2 Bd6 9. h3 Bh5 10. O-O Rc8 11. Qe2 O-O 12. Rfe1 Bc7 13. Red1 Re8 14. c4 Qd6
15. Qf1 e5 16. e4 d4 17. Qe2 Nd7 18. Nf1 Nf8 19. Ng3 Bg6 20. Nh4 Bd8 21. Nxg6
fxg6 22. Qg4 Ne6 23. Bc1 Bc7 24. Ne2 Rf8 25. Qg3 Bd8 26. f3 Bf6 27. Bd2 g5 28.
Qf2 Nf4 29. Nxf4 gxf4 30. Be1 Bg5 31. Rd2 Rf6 32. Kh2 Rh6 33. Qe2 Re8 34. Bf2
Ree6 35. Rg1 Reg6 36. Be1 Qe6 37. Qf1 Rh5 38. Rc2 Rgh6 39. Rb2 Qf6 40. Rb1 Bh4
41. Bxh4 Qxh4 42. Qe1 Qf6 43. Rb2 Rg6 44. Rb1 Rg3 45. Qf1 Qe6 46. Rb2 g5 47.
Rf2 g4 48. fxg4 Qxg4 49. Rf3 Kh8 50. Kh1 Rhxh3+ 51. gxh3 Qxf3+ 52. Qxf3 Rxf3
53. Rg5 Rxh3+ 54. Kg2 Rxd3 55. Rxe5 Rd2+ 56. Kf3 Rxa2 57. Rxc5 Ra3 58. Rxc6
Rxb3+ 59. Kxf4 Rc3 60. e5 Kg8 61. Ke4 d3 62. Rd6 Rxc4+ 63. Kxd3 Rc7 64. Kd4 Kf7
65. e6+ Ke7 66. Kd5 Rb7 67. Ra6 h5 68. Ra4 Rb5+ 69. Ke4 a5 70. Kf3 Kxe6 71. Rh4
Kf6 72. Kg2 Kg5 73. Rc4 h4 74. Kh2 Rb2+ 75. Kh3 Rb3+ 76. Kh2 Ra3 77. Rc5+ Kf4
78. Rc4+ Ke3 79. Rxh4 Kd2 80. Rh8 a4 81. Ra8 Kc3 82. Kg2 Kb2 83. Kf2 Ra2 84.
Ke2 Ka3+ 85. Kd3 Rb2 86. Kc3 Rb7 87. Kc2 Rb4 88. Rc8 Ka2 89. Rc7 a3 90. Rc3
1/2-1/2

[Event "13. Lichtenberger Sommer"]
[Site "?"]
[Date "2014.08.21"]
[Round "6.82"]
[White "Fuchs, Gabriele"]
[Black "Becker, Uwe"]
[Result "1-0"]
[WhiteElo "1708"]
[BlackElo "1743"]
[PlyCount "76"]
[EventDate "2014.??.??"]
[WhiteTeam "SF Kraichtal"]
[BlackTeam "SV Glück auf Rüdersdorf e.V."]

1. e4 d6 2. d4 Nf6 3. Nc3 g6 4. Nf3 Bg4 5. Be2 Bg7 6. h3 Bxf3 7. Bxf3 c6 8. O-O
O-O 9. Be3 Nbd7 10. Qd2 e5 11. d5 c5 12. Bh6 a6 13. a4 Kh8 14. Bxg7+ Kxg7 15.
Be2 Ng8 16. Nd1 f5 17. exf5 Rxf5 18. Bg4 Rf7 19. f4 Nh6 20. Bxd7 Qxd7 21. fxe5
Rxf1+ 22. Kxf1 Qf5+ 23. Nf2 Qxe5 24. Re1 Qf5 25. Re7+ Nf7 26. Rxb7 Re8 27. Qd3
Qe5 28. Qc3 Qxc3 29. bxc3 Re3 30. Nd1 Re4 31. Nb2 Re3 32. Nc4 Re4 33. Nxd6 Rf4+
34. Ke2 Kf8 35. Rxf7+ Rxf7 36. Nxf7 Kxf7 37. c4 a5 38. Ke3 Ke7 1-0

[Event "13. Lichtenberger Sommer"]
[Site "?"]
[Date "2014.08.21"]
[Round "6.83"]
[White "Reiser, Ralf"]
[Black "Strowig, Justin"]
[Result "1-0"]
[WhiteElo "1755"]
[BlackElo "1855"]
[PlyCount "81"]
[EventDate "2014.??.??"]
[WhiteTeam "Schachunion Berlin e.V."]
[BlackTeam "SV Mattnetz Berlin e.V."]

1. e4 e5 2. Nf3 Nf6 3. Nxe5 d6 4. Nxf7 Kxf7 5. d4 Qe8 6. f3 g6 7. Be3 Bg7 8.
Qd2 Rf8 9. Nc3 Kg8 10. Bc4+ Be6 11. d5 Bd7 12. O-O-O a5 13. h4 b5 14. Bd3 b4
15. Ne2 c6 16. Bc4 Qf7 17. Nf4 cxd5 18. Nxd5 Be6 19. Nc7 Bxc4 20. Nxa8 Bb5 21.
Kb1 Nc6 22. Nb6 a4 23. Nd5 b3 24. cxb3 axb3 25. a3 Ne5 26. Nxf6+ Bxf6 27. Qd5
Nc4 28. Qxb5 Nxe3 29. Rd2 Be5 30. Qd3 Nc2 31. Qd5 Qxd5 32. Rxd5 Ra8 33. Rxe5
dxe5 34. Kc1 Rc8 35. Kb1 Nd4 36. Rd1 Kf7 37. g4 Nxf3 38. Rf1 Ke7 39. Rxf3 Rc4
40. Rxb3 Rxe4 41. Rb4 1-0

[Event "13. Lichtenberger Sommer"]
[Site "?"]
[Date "2014.08.21"]
[Round "6.84"]
[White "Krüger, Ekkehard"]
[Black "Kuhr, Stefan"]
[Result "1-0"]
[WhiteElo "1798"]
[BlackElo "1611"]
[PlyCount "73"]
[EventDate "2014.??.??"]
[WhiteTeam "SG Narva Berlin e.V."]
[BlackTeam "SC Zugzwang 95 e.V."]

1. e4 c5 2. b3 Nc6 3. Bc4 e6 4. Nf3 d5 5. exd5 exd5 6. Qe2+ Nge7 7. Bb5 a6 8.
Bxc6+ bxc6 9. O-O Bg4 10. Re1 Qd6 11. Ba3 d4 12. Qe5 O-O-O 13. Qxc5 Nf5 14. Qb6
c5 15. Qxd6 Bxd6 16. d3 Bxf3 17. gxf3 Nh4 18. Re4 Nxf3+ 19. Kg2 f5 20. Re6 Ng5
21. Re1 Bxh2 22. Bxc5 Bf4 23. Na3 Rd5 24. b4 a5 25. Nc4 Bc7 26. Re7 axb4 27.
Bxb4 Rd7 28. Rae1 Rhd8 29. a4 Kb7 30. Ba5 Bxa5 31. Nxa5+ Kb6 32. Nc4+ Ka6 33.
R1e5 Rxe7 34. Rxe7 g6 35. f4 Nf7 36. Rxf7 Re8 37. Kf2 1-0

[Event "13. Lichtenberger Sommer"]
[Site "?"]
[Date "2014.08.21"]
[Round "6.85"]
[White "Koerber, Bernhard"]
[Black "Exner, Roland"]
[Result "0-1"]
[WhiteElo "1640"]
[BlackElo "1908"]
[PlyCount "86"]
[EventDate "2014.??.??"]
[WhiteTeam "SG Lasker Steglitz-Wilmersdorf"]
[BlackTeam "SV Berolina Mitte e.V."]

1. e4 e6 2. d4 d5 3. Nc3 Bb4 4. e5 c5 5. a3 Bxc3+ 6. bxc3 Ne7 7. Nf3 Nbc6 8.
Be2 Qa5 9. Bd2 c4 10. O-O Bd7 11. Ng5 h6 12. Nh3 O-O-O 13. f4 f6 14. Qb1 Rdf8
15. Ra2 Qc7 16. a4 Na5 17. Qa1 Qd8 18. Bc1 Nec6 19. Ba3 Rfg8 20. Bd6 g5 21. g3
g4 22. Nf2 f5 23. Kg2 h5 24. Rh1 h4 25. Rb2 Rh7 26. Rbb1 Rg6 27. Qa3 Qh8 28.
Rbe1 Rgh6 29. Qa1 Qg7 30. Qa3 Rh8 31. Ra1 Rh5 32. Qc1 Qh7 33. Qg1 Qg7 34. Ra2
R8h7 35. Ra1 Qh8 36. Ra2 Qd8 37. Qb1 R5h6 38. Qc1 Qe8 39. Qa1 hxg3 40. hxg3
Rxh1 41. Nxh1 Qh5 42. Nf2 Qh2+ 43. Kf1 Qxg3 0-1

[Event "13. Lichtenberger Sommer"]
[Site "?"]
[Date "2014.08.21"]
[Round "6.86"]
[White "Jacob, Karl"]
[Black "Tschirschwitz, Stephan"]
[Result "1/2-1/2"]
[WhiteElo "1697"]
[BlackElo "1604"]
[PlyCount "57"]
[EventDate "2014.??.??"]
[WhiteTeam "Schachfreunde Hettstedt"]
[BlackTeam "SG Lasker Steglitz-Wilmersdorf"]

1. Nf3 d5 2. d4 Nf6 3. Bf4 e6 4. e3 c5 5. c3 Nc6 6. Bd3 h6 7. Nbd2 Bd6 8. Bg3
O-O 9. Qc2 cxd4 10. exd4 Bxg3 11. hxg3 Ng4 12. Nh2 Nxh2 13. Rxh2 e5 14. dxe5
Nxe5 15. f3 Nxd3+ 16. Qxd3 Re8+ 17. Kd1 Qd6 18. Nf1 Qe5 19. Kd2 Bf5 20. Qe3 Qc7
21. Qd4 Qc4 22. Ne3 Qxd4+ 23. cxd4 Be6 24. Rh5 Red8 25. Rc1 Rd7 26. Rc5 Rad8
27. f4 f6 28. Rh1 b6 29. Rc6 1/2-1/2

[Event "13. Lichtenberger Sommer"]
[Site "?"]
[Date "2014.08.21"]
[Round "6.87"]
[White "Krusemark, Gerhard"]
[Black "Günther, Boris"]
[Result "0-1"]
[WhiteElo "1755"]
[BlackElo "1538"]
[PlyCount "80"]
[EventDate "2014.??.??"]
[WhiteTeam "TSG Rot-Weiß Fredersdorf/Vogelsd"]
[BlackTeam "SF Friedrichshagen"]

1. e4 e5 2. Nf3 Nc6 3. Bb5 a6 4. Ba4 d6 5. c3 f5 6. d4 fxe4 7. Ng5 b5 8. Bc2 d5
9. O-O Be7 10. h4 Nf6 11. dxe5 Bg4 12. f3 exf3 13. Nxf3 Nxe5 14. Nbd2 Bc5+ 15.
Kh1 O-O 16. Qe1 Nxf3 17. Nxf3 Re8 18. Qd1 Ne4 19. Bxe4 Rxe4 20. Bg5 Qd6 21. Qc2
h6 22. Bd2 Bxf3 23. Rxf3 Rxh4+ 24. Rh3 Rxh3+ 25. gxh3 Qe6 26. Qd3 Qe4+ 27. Qxe4
dxe4 28. Re1 Rf8 29. Bf4 c6 30. h4 Bf2 31. Re2 Bxh4 32. Kg2 Kf7 33. Bd6 Re8 34.
Bc5 Kg6 35. Kh3 Be7 36. Rg2+ Kf7 37. Bd4 Bf6 38. Be3 g5 39. Kg4 Kg6 40. Rd2 h5+
0-1

[Event "13. Lichtenberger Sommer"]
[Site "?"]
[Date "2014.08.21"]
[Round "6.88"]
[White "Pöltelt, Helmut"]
[Black "Kujawa, Werner"]
[Result "1-0"]
[WhiteElo "1745"]
[BlackElo "1814"]
[PlyCount "87"]
[EventDate "2014.??.??"]
[WhiteTeam "SC Eintracht Berlin e.V."]
[BlackTeam "SV Motor Wildau e.V."]

1. e4 e6 2. d4 d5 3. Nd2 Nf6 4. e5 Nfd7 5. f4 c5 6. c3 Nc6 7. Ndf3 Qb6 8. Ne2
Be7 9. g3 O-O 10. Bg2 f6 11. O-O cxd4 12. cxd4 fxe5 13. fxe5 Ndxe5 14. Nxe5
Nxe5 15. Kh1 Ng6 16. b3 Bd7 17. Rxf8+ Rxf8 18. Bb2 Rc8 19. Rc1 a5 20. Rxc8+
Bxc8 21. Qc1 Bd7 22. h4 Bf6 23. h5 Ne7 24. h6 Nf5 25. hxg7 Bxg7 26. Qf4 Qd6 27.
Qf2 Bb5 28. g4 Nh6 29. Bf3 Bd7 30. g5 Nf5 31. Bg4 Qc7 32. Nf4 Qd6 33. Nh5 Bh8
34. Bxf5 exf5 35. Qg2 Kf7 36. Qf2 Kg6 37. Qf3 Kf7 38. Nf4 Be6 39. Qh5+ Kg8 40.
Qh6 Kf7 41. Qxh7+ Bg7 42. Qg6+ Ke7 43. Qxg7+ Bf7 44. Qe5+ 1-0

[Event "13. Lichtenberger Sommer"]
[Site "?"]
[Date "2014.08.21"]
[Round "6.89"]
[White "Mueller, Joerg"]
[Black "Zuccolo, Sebastian"]
[Result "0-1"]
[WhiteElo "1850"]
[BlackElo "1434"]
[PlyCount "36"]
[EventDate "2014.??.??"]
[WhiteTeam "vereinslos"]
[BlackTeam "ASD San Gregorio Pordenone"]

1. d4 Nf6 2. c4 e6 3. a3 b6 4. Nf3 Bb7 5. Nc3 Be7 6. Bf4 O-O 7. Qc2 d5 8. cxd5
Nxd5 9. Nxd5 Bxd5 10. Qxc7 Qxc7 11. Bxc7 Rc8 12. Bf4 Nd7 13. e3 Rc2 14. b4 Rac8
15. Kd1 Bb3 16. Rb1 Rc1+ 17. Kd2 R8c2+ 18. Kd3 Bc4+ 0-1

[Event "13. Lichtenberger Sommer"]
[Site "?"]
[Date "2014.08.21"]
[Round "6.90"]
[White "Pöcheim, Stephan"]
[Black "Stein, Siegfried"]
[Result "1/2-1/2"]
[WhiteElo "1530"]
[BlackElo "1819"]
[PlyCount "54"]
[EventDate "2014.??.??"]
[WhiteTeam "Sfrd. Berlin 1903 e.V."]
[BlackTeam "SV Berolina Mitte e.V."]

1. d4 Nf6 2. Bf4 d5 3. e3 e6 4. Nf3 Bd6 5. Bg5 Nbd7 6. c4 Be7 7. Nc3 a6 8. Rc1
O-O 9. Qc2 c6 10. Bd3 dxc4 11. Bxc4 b5 12. Bd3 Bb7 13. Ne4 h6 14. Bf4 Nxe4 15.
Bxe4 Qb6 16. O-O Rfc8 17. Rfd1 c5 18. Bxb7 Qxb7 19. Qd2 cxd4 20. Rxc8+ Rxc8 21.
exd4 Qd5 22. b3 Bf8 23. Rc1 Qb7 24. Rxc8 Qxc8 25. Be3 Nf6 26. Qc1 Qxc1+ 27.
Bxc1 Bd6 1/2-1/2

[Event "13. Lichtenberger Sommer"]
[Site "?"]
[Date "2014.08.21"]
[Round "6.91"]
[White "Theilig, Reinhard"]
[Black "Schmitt, Jens-Ole"]
[Result "1-0"]
[WhiteElo "1675"]
[BlackElo "1691"]
[PlyCount "53"]
[EventDate "2014.??.??"]
[WhiteTeam "VfB Hermsdorf e.V."]
[BlackTeam "SG Narva Berlin e.V."]

1. Nf3 Nf6 2. c4 e6 3. g3 b6 4. Bg2 Bb7 5. O-O Be7 6. Nc3 c5 7. d3 O-O 8. Re1
d6 9. Bf4 a6 10. Rb1 Nbd7 11. a3 Qc7 12. Qc2 h6 13. Bd2 d5 14. cxd5 exd5 15. e4
d4 16. Ne2 Bd6 17. Bf4 Bxf4 18. Nxf4 g5 19. Ne2 Rfe8 20. Nfxd4 Rac8 21. Nf5 Kh7
22. Qd2 Rcd8 23. f4 c4 24. fxg5 Qc5+ 25. d4 Qb5 26. g6+ Kg8 27. Qxh6 1-0

[Event "13. Lichtenberger Sommer"]
[Site "?"]
[Date "2014.08.21"]
[Round "6.92"]
[White "Möller, Dirk"]
[Black "Peter, Volkhard"]
[Result "0-1"]
[WhiteElo "1624"]
[BlackElo "1815"]
[PlyCount "125"]
[EventDate "2014.??.??"]
[WhiteTeam "SC Kreuzberg e.V."]
[BlackTeam "Schachclub Oranienburg e.V."]

1. e4 e5 2. f4 Bc5 3. Nf3 Nf6 4. Nc3 Ng4 5. d4 exd4 6. Nxd4 d6 7. Be2 h5 8. Na4
Qe7 9. Qd3 Bd7 10. Nxc5 dxc5 11. Nf3 Nc6 12. Bd2 O-O-O 13. Qc3 Nb4 14. a3 Nc6
15. Bd3 Nf6 16. Ng5 Bf5 17. O-O-O Bg4 18. Rde1 Nd4 19. h3 Bd7 20. Be3 Bc6 21.
Bc4 Nxe4 22. Nxe4 Bxe4 23. Bxd4 Rxd4 24. Bd3 f5 25. Re3 Qd6 26. Rhe1 Qxf4 27.
Bxe4 fxe4 28. Qxc5 Rhd8 29. Qc3 Qg5 30. g3 Qd5 31. b3 Rd6 32. Rf1 Re6 33. Qb2
Rf6 34. Rfe1 Rf2 35. Qc3 b6 36. R3e2 Qg5+ 37. Kb2 Rxe2 38. Rxe2 Rd1 39. Re3 Kb7
40. b4 Qg6 41. Qc4 Qf6+ 42. Qc3 Rd4 43. Kb3 Qe6+ 44. Kb2 Rd7 45. Qe1 Re7 46. b5
Qf5 47. Qb4 Re5 48. a4 Qf6 49. Qc3 a6 50. bxa6+ Kxa6 51. Kc1 g6 52. Qc4+ b5 53.
axb5+ Rxb5 54. Ra3+ Kb6 55. Rc3 Qg5+ 56. Kd1 Rd5+ 57. Ke1 Qd2+ 58. Kf1 Qd1+ 59.
Kf2 Rd2+ 60. Ke3 Qe1+ 61. Kf4 Qf2+ 62. Kxe4 Re2+ 63. Kd5 0-1

[Event "13. Lichtenberger Sommer"]
[Site "?"]
[Date "2014.08.21"]
[Round "6.93"]
[White "Bullig, Reinhard"]
[Black "Wicklein, Christian"]
[Result "1-0"]
[WhiteElo "1772"]
[BlackElo "1413"]
[PlyCount "48"]
[EventDate "2014.??.??"]
[WhiteTeam "Sfrd. Berlin 1903 e.V."]
[BlackTeam "vereinslos"]

1. d4 Nf6 2. c4 e6 3. Nc3 Bb4 4. Bg5 c5 5. d5 d6 6. a3 Ba5 7. Bxf6 Qxf6 8. Rc1
O-O 9. Nf3 e5 10. e4 Bg4 11. Be2 Nd7 12. O-O Qf4 13. h3 Bh5 14. g3 Qh6 15. Nb5
f5 16. exf5 Bxf3 17. Bxf3 Rxf5 18. Bg4 Rf7 19. Be6 Raf8 20. Nxd6 Bc7 21. Nxf7
Rxf7 22. Bxf7+ Kxf7 23. Kg2 e4 24. Rc2 Ne5 1-0

[Event "13. Lichtenberger Sommer"]
[Site "?"]
[Date "2014.08.21"]
[Round "6.94"]
[White "Paris, Gerhard"]
[Black "Dathe, Frederick"]
[Result "0-1"]
[WhiteElo "1536"]
[BlackElo "1594"]
[PlyCount "80"]
[EventDate "2014.??.??"]
[WhiteTeam "TSG Oberschöneweide e.V."]
[BlackTeam "Schachunion Berlin e.V."]

1. e4 c5 2. Nc3 Nc6 3. g3 g6 4. Bg2 Bg7 5. Nf3 d6 6. d3 Nf6 7. O-O O-O 8. Be3
Rb8 9. Qe1 Bd7 10. Nd1 Ng4 11. Bf4 b5 12. c3 Nge5 13. Nxe5 Nxe5 14. Qd2 Be6 15.
d4 Nc4 16. Qe2 cxd4 17. b3 dxc3 18. Rc1 Na3 19. Nxc3 b4 20. Nd5 Bxd5 21. exd5
Nb5 22. Rc4 a5 23. Rfc1 Qd7 24. Bf1 Nc3 25. Qc2 Nxd5 26. Bg2 Nxf4 27. gxf4 Bc3
28. Bf3 Rbc8 29. Qd3 Rxc4 30. bxc4 Rc8 31. Qe4 Qf5 32. Qb7 Rxc4 33. Qxe7 Rxf4
34. Qd8+ Kg7 35. Bg2 Rxf2 36. Qh4 Rxa2 37. h3 Qd3 38. Rf1 Ra1 39. Qg4 Rxf1+ 40.
Bxf1 Bd4+ 0-1

[Event "13. Lichtenberger Sommer"]
[Site "?"]
[Date "2014.08.21"]
[Round "6.95"]
[White "Fuchs, Linda"]
[Black "Bauer, Stefan"]
[Result "0-1"]
[WhiteElo "1596"]
[BlackElo "1614"]
[PlyCount "52"]
[EventDate "2014.??.??"]
[WhiteTeam "SC Untergrombach 46"]
[BlackTeam "SC Kreuzberg e.V."]

1. e4 c5 2. Nf3 Nc6 3. d4 cxd4 4. Nxd4 e6 5. Nc3 a6 6. Be3 Nf6 7. f3 Be7 8. Qd2
O-O 9. O-O-O Bb4 10. Nb3 b5 11. Bc5 Bxc5 12. Nxc5 b4 13. N3a4 d5 14. exd5 Nxd5
15. Bc4 Nce7 16. Nd3 Qc7 17. Bxd5 Nxd5 18. Nxb4 Bb7 19. Nd3 Rfc8 20. Nac5 Bc6
21. Rde1 a5 22. h4 Bb5 23. a3 Qb6 24. Ne4 Rab8 25. Nef2 Ba4 26. c3 Nxc3 0-1

[Event "13. Lichtenberger Sommer"]
[Site "?"]
[Date "2014.08.21"]
[Round "6.96"]
[White "Abraham, Helmut"]
[Black "Woinowski, Michael"]
[Result "1-0"]
[WhiteElo "1553"]
[BlackElo "1731"]
[PlyCount "68"]
[EventDate "2014.??.??"]
[WhiteTeam "SC Kreuzberg e.V."]
[BlackTeam "SC Kreuzberg e.V."]

1. Nf3 d5 2. e3 c5 3. c4 e6 4. d4 Nf6 5. Nc3 Nc6 6. cxd5 Nxd5 7. Bb5 a6 8.
Bxc6+ bxc6 9. O-O Be7 10. e4 Nxc3 11. bxc3 Qa5 12. Bd2 O-O 13. Ne5 Qc7 14. Qa4
Bb7 15. Rab1 cxd4 16. cxd4 Rfd8 17. Ba5 Qc8 18. Bxd8 Bxd8 19. Rfc1 Bg5 20. Rc2
Qc7 21. Nc4 c5 22. Nb6 Rd8 23. Rxc5 Qf4 24. d5 Be7 25. Rc4 Bd6 26. g3 Qg5 27.
Nd7 exd5 28. Rd4 Bc8 29. Rxd5 Qe7 30. Rbd1 Bxd7 31. Qxa6 Bc7 32. Qd3 Rc8 33.
Rxd7 Qe8 34. Rc1 Be5 1-0

[Event "13. Lichtenberger Sommer"]
[Site "?"]
[Date "2014.08.21"]
[Round "6.97"]
[White "Engelhardt, Erhard"]
[Black "Kostanyan, Hakob"]
[Result "1-0"]
[WhiteElo "1799"]
[BlackElo "1517"]
[PlyCount "139"]
[EventDate "2014.??.??"]
[WhiteTeam "SSV Rotation Berlin e.V."]
[BlackTeam "SC Weisse Dame e.V."]

1. f4 Nf6 2. Nf3 g6 3. b3 Bg7 4. Bb2 b6 5. e3 Bb7 6. Be2 e6 7. O-O O-O 8. Qe1
d5 9. h3 c5 10. a4 a6 11. Na3 Nc6 12. Ne5 Qc7 13. Nxc6 Bxc6 14. Be5 Qd7 15. c3
Qb7 16. d4 c4 17. Bxf6 Bxf6 18. b4 Bxa4 19. Nxc4 Bc6 20. Nb2 Bd8 21. Qd2 Bc7
22. Bf3 a5 23. Rfc1 Bd6 24. Be2 a4 25. b5 Be8 26. Rxa4 Rxa4 27. Nxa4 f6 28. c4
Qa7 29. Qc2 Bd7 30. c5 bxc5 31. dxc5 Rc8 32. Qb3 Bc7 33. Rc2 Ra8 34. Ra2 Qb7
35. Nc3 Ba5 36. Na4 Rb8 37. b6 Bc6 38. Nb2 Ra8 39. Bb5 Kf7 40. Ra4 Ke7 41. Qa2
Bd2 42. Bxc6 Rxa4 43. Bxa4 Kd8 44. Qb3 Ba5 45. Qb5 Bxb6 46. Qe8+ Kc7 47. Qd7+
Kb8 48. Qxb7+ Kxb7 49. cxb6 Kxb6 50. Kf2 e5 51. Ke2 Kc5 52. Kd3 e4+ 53. Kc3 h6
54. Bb3 f5 55. Na4+ Kb5 56. Kd4 g5 57. g3 Kb4 58. Nc5 g4 59. h4 h5 60. Bxd5 Kb5
61. Ne6 Kb6 62. Ke5 Kb5 63. Kxf5 Kb6 64. Kxe4 Ka7 65. f5 Kb8 66. f6 Kc8 67. f7
Kd7 68. Ke5 Ke7 69. f8=Q+ Kd7 70. Qd8# 1-0

[Event "13. Lichtenberger Sommer"]
[Site "?"]
[Date "2014.08.21"]
[Round "6.98"]
[White "Schmidt, Tim Lucas"]
[Black "Schweitzer, Paul"]
[Result "0-1"]
[WhiteElo "1239"]
[BlackElo "1712"]
[PlyCount "100"]
[EventDate "2014.??.??"]
[WhiteTeam "1. Schachclub Anhalt"]
[BlackTeam "SV Königsjäger Süd-West e.V."]

1. e4 b6 2. d4 e6 3. Nf3 Bb7 4. Nc3 Bb4 5. Bd3 Nf6 6. Qe2 O-O 7. O-O c5 8. dxc5
Bxc3 9. bxc3 bxc5 10. e5 Nd5 11. c4 Nb6 12. Ng5 g6 13. Qg4 f5 14. Qh3 Qe7 15.
Qh6 Qg7 16. Qh4 Nc6 17. Nf3 Nb4 18. Bh6 Qh8 19. Bxf8 Rxf8 20. Rfe1 Qg7 21. a3
Nc6 22. Rab1 Ne7 23. Qg3 f4 24. Qh3 Nf5 25. Nd2 g5 26. Bxf5 Rxf5 27. Qd3 g4 28.
Kh1 Qh6 29. f3 Rh5 30. Nf1 g3 31. h3 Rxh3+ 32. gxh3 Qxh3+ 33. Kg1 Ba6 34. Qd2
Bxc4 35. Qg2 Qh5 36. Re4 Bxf1 37. Rxf1 Nd5 38. Rfe1 Qg5 39. Qh3 h5 40. Kg2 a5
41. Rc4 Ne7 42. Rxc5 Nf5 43. Rc3 Nh4+ 44. Kg1 Qd8 45. Rb1 Qg5 46. Rd1 Qe7 47.
Rxd7 Qxd7 48. Qxh4 Qd1+ 49. Kg2 Qd2+ 50. Kg1 Qf2+ 0-1

[Event "13. Lichtenberger Sommer"]
[Site "?"]
[Date "2014.08.21"]
[Round "6.99"]
[White "Dinslage, Klaus-Dieter"]
[Black "Stark, Steven"]
[Result "1-0"]
[WhiteElo "1721"]
[BlackElo "1502"]
[PlyCount "81"]
[EventDate "2014.??.??"]
[WhiteTeam "Bahn-Schachclub Wuppertal"]
[BlackTeam "VfB Hermsdorf e.V."]

1. e4 e5 2. Nf3 d6 3. h3 Nf6 4. Nc3 c6 5. d4 Nbd7 6. Bg5 h6 7. Bh4 Be7 8. Bc4
b5 9. Bd3 exd4 10. Nxd4 Bb7 11. Nf5 Bf8 12. O-O g6 13. Ne3 Be7 14. f4 Qb6 15.
Bf2 O-O-O 16. Ned5 Qa6 17. Nxe7+ Kb8 18. a4 c5 19. axb5 Qb6 20. Re1 Rde8 21.
Ned5 Nxd5 22. Nxd5 Bxd5 23. exd5 Qb7 24. c4 Nf6 25. Bg3 Nh5 26. Bh2 f5 27. Ra6
Qc7 28. Re2 Nf6 29. Qe1 Rxe2 30. Qxe2 Re8 31. Qf2 Qe7 32. Kh1 h5 33. Ra1 h4 34.
Bg1 Nh5 35. Kh2 Ng3 36. Qf3 g5 37. Bf2 gxf4 38. Qxf4 Ne4 39. Bxe4 Qxe4 40.
Qxd6+ Ka8 41. Re1 1-0

[Event "13. Lichtenberger Sommer"]
[Site "?"]
[Date "2014.08.21"]
[Round "6.101"]
[White "Aizpurua Zufiria, Inaki"]
[Black "Home, Marcus"]
[Result "1/2-1/2"]
[WhiteElo "1545"]
[BlackElo "1307"]
[PlyCount "62"]
[EventDate "2014.??.??"]
[WhiteTeam "Gros Xake Taldea"]
[BlackTeam "1. Schachclub Anhalt"]

1. e4 e5 2. Nf3 Nc6 3. d4 exd4 4. Nxd4 Nf6 5. Nxc6 bxc6 6. e5 Ne4 7. Bd3 Nc5 8.
Bc4 d5 9. exd6 cxd6 10. O-O d5 11. Re1+ Be6 12. Be2 Bd6 13. c4 O-O 14. cxd5
cxd5 15. Bf3 Rb8 16. Nc3 d4 17. Ne4 Nxe4 18. Bxe4 Qh4 19. g3 Qf6 20. Qd3 g6 21.
b3 Rbc8 22. Bb2 Bc5 23. Rac1 Bb6 24. Rcd1 Rcd8 25. Kg2 Rd6 26. h3 Rfd8 27. h4
Ba5 28. Rf1 Bc3 29. Ba3 R6d7 30. Bc1 Rc8 31. Bg5 Qg7 1/2-1/2

[Event "13. Lichtenberger Sommer"]
[Site "?"]
[Date "2014.08.21"]
[Round "6.102"]
[White "Lange, Cecilia"]
[Black "Fontaine, Constantin"]
[Result "1-0"]
[WhiteElo "1553"]
[BlackElo "1580"]
[PlyCount "37"]
[EventDate "2014.??.??"]
[WhiteTeam "TSG Oberschöneweide e.V."]
[BlackTeam "SK Tempelhof 1931 e.V."]

1. e4 e5 2. Nf3 Nf6 3. d4 exd4 4. e5 Ne4 5. Qxd4 d5 6. exd6 Nxd6 7. Nc3 Nc6 8.
Qf4 Bf5 9. Qa4 Qe7+ 10. Be3 O-O-O 11. O-O-O a6 12. Bxa6 Bxc2 13. Kxc2 bxa6 14.
Qxc6 f5 15. Qxa6+ Kd7 16. Bg5 Qe6 17. Qa4+ Kc8 18. Qa8+ Kd7 19. Qxd8+ 1-0

[Event "13. Lichtenberger Sommer"]
[Site "?"]
[Date "2014.08.21"]
[Round "6.104"]
[White "Radloff, Rainer"]
[Black "Lange, Johannes Friedrich"]
[Result "1/2-1/2"]
[WhiteElo "1706"]
[BlackElo "1268"]
[PlyCount "65"]
[EventDate "2014.??.??"]
[WhiteTeam "SC Weisse Dame e.V."]
[BlackTeam "Schachunion Berlin e.V."]

1. e4 e5 2. Nf3 Nc6 3. Bc4 Bc5 4. O-O Nf6 5. d3 h6 6. Be3 Bb6 7. Nc3 O-O 8. a3
d6 9. h3 Be6 10. Nd5 Bxd5 11. Bxd5 Nxd5 12. exd5 Ne7 13. c4 Nf5 14. Bxb6 axb6
15. Nd2 Qg5 16. Ne4 Qg6 17. Qd2 Nd4 18. f4 Nb3 19. Qe3 Nxa1 20. Rxa1 Rfe8 21.
Rf1 f5 22. Nc3 Re7 23. Rf3 Rae8 24. Rg3 exf4 25. Qxf4 Re1+ 26. Kh2 Qh7 27. Nb5
R8e7 28. Nd4 Rf7 29. Ne6 Rb1 30. Qd4 Rf1 31. c5 bxc5 32. Qa4 Rf8 33. Rxg7+
1/2-1/2

[Event "13. Lichtenberger Sommer"]
[Site "?"]
[Date "2014.08.21"]
[Round "6.105"]
[White "Wahner, Eberhard"]
[Black "Bui, Bao Anh Le"]
[Result "0-1"]
[WhiteElo "1063"]
[BlackElo "1576"]
[PlyCount "108"]
[EventDate "2014.??.??"]
[WhiteTeam "vereinslos"]
[BlackTeam "SV Mattnetz Berlin e.V."]

1. c4 Nf6 2. Nc3 d6 3. g3 g6 4. Bg2 Bg7 5. e3 c6 6. d4 O-O 7. Nge2 Qc7 8. O-O
Rd8 9. Qc2 e6 10. b3 d5 11. Bb2 Qe7 12. a4 dxc4 13. bxc4 Qc7 14. Rad1 Nbd7 15.
e4 Qa5 16. e5 Ne8 17. Qd3 Nxe5 18. Qe4 Nxc4 19. Bc1 Ncd6 20. Qh4 Nf5 21. Qf4
Qc7 22. Qxc7 Nxc7 23. Bg5 f6 24. Bf4 Nd5 25. Nxd5 exd5 26. g4 Nh4 27. h3 Nxg2
28. Kxg2 f5 29. f3 Re8 30. Nc3 Bd7 31. a5 fxg4 32. fxg4 Rf8 33. Kg3 Rae8 34.
Rb1 Bc8 35. Rfd1 Rf7 36. Rbc1 Bf6 37. g5 Bd8 38. Ra1 Bc7 39. Bxc7 Rxc7 40. Rd3
Rce7 41. Nd1 Bf5 42. Rd2 a6 43. Ra3 Rf8 44. Rb3 Ref7 45. Nf2 Re7 46. h4 Rfe8
47. Nd1 Bc8 48. Rf3 Re4 49. Nf2 Re3 50. Rd3 Rxf3+ 51. Rxf3 Bf5 52. Rb3 Re7 53.
Kf4 Rf7 54. Ke5 Bc2 0-1

[Event "13. Lichtenberger Sommer"]
[Site "?"]
[Date "2014.08.21"]
[Round "6.106"]
[White "Kossuewa, Aminat"]
[Black "Lippianowski, Stefan"]
[Result "0-1"]
[WhiteElo "785"]
[BlackElo "1220"]
[PlyCount "44"]
[EventDate "2014.??.??"]
[WhiteTeam "SC Friesen Lichtenberg e.V."]
[BlackTeam "SV Mattnetz Berlin e.V."]

1. e4 e5 2. Bc4 Nf6 3. Nc3 Nc6 4. Nf3 d6 5. d3 h6 6. Be3 Bg4 7. O-O a6 8. a4
Nh5 9. h3 Bd7 10. d4 Nf4 11. Qd2 Qf6 12. dxe5 dxe5 13. Rad1 O-O-O 14. Nd5 Qg6
15. Nxf4 exf4 16. Bxf4 Bxh3 17. Nh4 Qg4 18. Be2 Qxh4 19. Qe3 Bd7 20. Bg3 Qf6
21. b3 g5 22. Rd2 h5 0-1

[Event "13. Lichtenberger Sommer"]
[Site "?"]
[Date "2014.08.21"]
[Round "6.107"]
[White "Rau, Joshua"]
[Black "Karge, Ole Jannes"]
[Result "1-0"]
[WhiteElo "1624"]
[BlackElo "1494"]
[PlyCount "103"]
[EventDate "2014.??.??"]
[WhiteTeam "Schachunion Berlin e.V."]
[BlackTeam "SV Mattnetz Berlin e.V."]

1. d4 Nf6 2. c4 e6 3. Nc3 Bb4 4. Bg5 h6 5. Bh4 Nc6 6. Nf3 O-O 7. a3 Bxc3+ 8.
bxc3 d5 9. e3 Re8 10. cxd5 exd5 11. Bd3 Qd6 12. Bg3 Qd7 13. Bc2 b6 14. Qd3 Ne4
15. O-O a5 16. Ba4 Ba6 17. Bb5 Bxb5 18. Qxb5 Nxc3 19. Qb2 Ne4 20. Ne5 Nxe5 21.
Bxe5 f6 22. Bf4 g5 23. Bg3 Rab8 24. Rac1 Nxg3 25. hxg3 c5 26. dxc5 bxc5 27.
Qxf6 Re6 28. Qc3 Rb5 29. Rb1 Qb7 30. Qc2 Rxb1 31. Rxb1 Rb6 32. Qg6+ Rxg6 33.
Rxb7 Ra6 34. Rd7 c4 35. Rxd5 Rc6 36. Kf1 c3 37. Rd1 c2 38. Rc1 Rc3 39. Ke2 Rxa3
40. Rxc2 a4 41. Kd2 Ra1 42. Kc3 Rb1 43. Ra2 Rb3+ 44. Kc2 Rb4 45. Ra3 Kf7 46. f3
Ke6 47. Kc3 Rb3+ 48. Rxb3 axb3 49. Kxb3 g4 50. f4 Kf5 51. Kc3 Ke4 52. Kd2 1-0